100 Biggest Cities of the Roman Empire on the Mare Nostrum - Statistics

General Stats
  • This quiz has been taken 337 times
    253 since last reset
  • The average score is 32 of 100
Answers on the Map
Answers color-coded by a green-red scale on the quiz's map according to % correct below.
 
Answer Stats
Population City % Correct
1,500,000 Roma (Rome)
98%
400,000 Alexandria
96%
26,000 Alexandria Troas (Dalyan)
96%
100,000 Carthago (Qartaj, Tunis)
95%
33,000 Athenae (Athens)
93%
22,000 Neapolis (Naples)
92%
50,000 Syracusae (Syracuse)
83%
22,000 Thessalonica (Thessaloniki)
82%
11,000 Lacedaemon (Sparta)
77%
47,000 Smyrna (İzmir)
77%
10,000 Messana (Messina)
76%
40,000 Rhodus(Rhodes)
74%
175,000 Antiochia ad Orontem (Antakya)
70%
28,000 Catana (Catania)
68%
32,000 Corinthus (Corinth)
67%
10,000 Tyrus (Tyre)
64%
32,000 Berenice (Benghazi)
61%
18,000 Caralis (Cagliari)
59%
22,000 Tarentum (Taranto)
57%
10,000 Attaleia (Antalya)
56%
14,000 Carthago Nova (Cartagena)
53%
18,000 Dyrrhachium (Durrës)
53%
29,000 Narbo Martius (Narbonne)
51%
35,000 Ostia Antica (Ostia)
51%
17,000 Tarraco (Tarragona)
50%
11,000 Regium (Reggio Calabria)
48%
11,000 Sidon
46%
10,000 Brundisium (Brindisi)
44%
31,000 Ephesus (Selçuk)
44%
19,000 Patrae (Patras)
44%
19,000 Ptolemais Phoenicae (Acre)
44%
40,000 Laodicea ad Mare (Latakia)
42%
28,000 Patavium (Padua)
41%
35,000 Hadrumetum (Sousse)
38%
19,000 Paphus (Paphos)
38%
37,000 Caesarea Mauretaniae (Cherchell)
37%
19,000 Agrigentum (Agrigento)
36%
11,000 Caesarea Maritima (Caesarea)
36%
44,000 Capua (Santa Maria Capua Vetere)
35%
19,000 Halicarnassus (Bodrum)
35%
75,000 Leptis Magna (Al-Khums)
35%
15,000 Cydonia (Chania)
33%
21,000 Cyrene (Shahhat)
33%
14,000 Lilybaeum (Marsala)
31%
13,000 Tarsus
30%
14,000 Aquileia
29%
65,000 Pergamum (Bergama)
29%
12,000 Ilium (Tevfikiye)
25%
17,000 Miletus (Balat)
24%
23,000 Cos (Kos)
23%
33,000 Nicopolis (Preveza)
23%
20,000 Samos (Pythagoreio)
23%
10,000 Hippo Regius (Annaba)
21%
10,000 Megara
19%
30,000 Mytilene (Mytilini)
19%
10,000 Utica (Zana)
19%
10,000 Chalcis
18%
24,000 Gortyna (Gortyn)
18%
15,000 Seleucia ad Calycadnum (Silifke)
17%
28,000 Seleucia Pieria (Çevlik)
16%
15,000 Salamis
15%
10,000 Antium (Anzio)
14%
10,000 Elis
14%
50,000 Ptolemais (Tolmeita)
14%
22,000 Messene (Mavromati)
13%
28,000 Pelusium
13%
22,000 Puteoli (Pozzuoli)
13%
14,000 Cumae (Cuma)
10%
19,000 Myra (Demre)
10%
20,000 Paestum (Paesto)
10%
16,000 Magnesia ad Maeandrum (Tekin)
9%
14,000 Tegea
9%
10,000 Paraetonium (Marsa Matrouh)
8%
10,000 Perge (Aksu)
8%
14,000 Sicyon (Sikyona)
8%
12,000 Erythrae (Ildır)
7%
22,000 Hierapytna (Ierapetra)
7%
23,000 Rusicade (Skikda)
7%
11,000 Telmessus (Fethiye)
7%
28,000 Altinum (Altino)
6%
13,000 Clazomenae (Urla)
6%
10,000 Diospolis (Lod)
6%
14,000 Mylasa (Milas)
6%
19,000 Aenus (Enez)
5%
13,000 Canopus (Abu Qir)
5%
12,000 Cisamus (Kissamos)
5%
23,000 Nuceria Alfaterna (Nocera Superiore)
5%
12,000 Teos (Sığacık)
5%
11,000 Cartennae (Ténès)
4%
12,000 Uthina (Mornag)
4%
10,000 Cales (Calvi Risorta)
3%
10,000 Myrina (Aliağa)
3%
17,000 Teanum Sidicinum (Teano)
3%
12,000 Aquinum (Aquino)
2%
10,000 Phlius (Koutsi)
2%
14,000 Thaenae (Thyna)
2%
26,000 Magarsus (Dörtdirek)
1%
14,000 Magdolus (Tell el-Heir)
1%
15,000 Picentia (Pontecagnano Faiano)
1%
10,000 Salapia Vetus
1%
No matching quizzes found
Score Distribution
Percent of People with Each Score
Percentile by Number Answered
Your Score History
You have not taken this quiz since the last reset